Online
Catalog

Mario Verdaguer, un escritor proteico / (Record no. 19311)

MARC details
000 -CABECERA
campo de control de longitud fija 01070cam a2200313 a 4500
001 - NÚMERO DE CONTROL
campo de control 000019798
005 - FECHA Y HORA DE LA ÚLTIMA TRANSACCIÓN
campo de control 20200929170137.0
008 - DATOS DE LONGITUD FIJA--INFORMACIÓN GENERAL
campo de control de longitud fija 951130s1994 sp b 000 0 spa d
010 ## - NÚMERO DE CONTROL DE LA BIBLIOTECA DEL CONGRESO
Número de control de LC 95228792
020 ## - NÚMERO INTERNACIONAL ESTÁNDAR DEL LIBRO
Número Internacional Estándar del Libro 8488435134
035 ## - NÚMERO DE CONTROL DEL SISTEMA
Número de control de sistema (DLC) 95228792
035 ## - NÚMERO DE CONTROL DEL SISTEMA
Número de control de sistema (OCoLC)32147415
040 ## - FUENTE DE LA CATALOGACIÓN
Centro catalogador/agencia de origen DO-SdBNP
Lengua de catalogación spa
Centro/agencia transcriptor BNPHU
Centro/agencia modificador WU
-- DLC
050 00 - SIGNATURA TOPOGRÁFICA DE LA BIBLIOTECA DEL CONGRESO
Número de clasificación PQ6641.E6
Número de documento/Ítem Z76 1994
082 ## - NÚMERO DE LA CLASIFICACIÓN DECIMAL DEWEY
Número de clasificación NNN
Número de documento/Ítem V483L
049 ## - FONDOS LOCALES (OCLC)
Fondos de biblioteca BNGR
082 00 - NÚMERO DE LA CLASIFICACIÓN DECIMAL DEWEY
Número de clasificación 868/.6209
100 1# - ENTRADA PRINCIPAL--NOMBRE DE PERSONA
Nombre de persona López Antunano, José Gabriel.
9 (RLIN) 42275
245 10 - MENCIÓN DE TÍTULO
Título Mario Verdaguer, un escritor proteico /
Mención de responsabilidad, etc. José Gabriel López Antunano.
260 ## - PUBLICACIÓN, DISTRIBUCIÓN, ETC.
Lugar de publicación, distribución, etc. Madrid :
Nombre del editor, distribuidor, etc. Pliegos,
Fecha de publicación, distribución, etc. [1994?].
300 ## - DESCRIPCIÓN FÍSICA
Extensión 256, [5] p. ;
Dimensiones 20 cm.
490 0# - MENCIÓN DE SERIE
Mención de serie Pliegos de ensayo
Designación de volumen o secuencia 97
500 ## - NOTA GENERAL
Nota general Incluye referencias bibliográficas y notas al pie de las páginas
504 ## - NOTA DE BIBLIOGRAFÍA, ETC.
Nota de bibliografía, etc. Incluye referencias bibliográficas.
504 ## - NOTA DE BIBLIOGRAFÍA, ETC.
Nota de bibliografía, etc. "Bibliografía de Mario Verdaguer": p. [251]-256.
600 10 - PUNTO DE ACCESO ADICIONAL DE MATERIA--NOMBRE DE PERSONA
Nombre de persona Verdaguer, Mario,
Fechas asociadas al nombre 1885-1963
Subdivisión general Criticism and interpretation.
9 (RLIN) 42276
830 #0 - PUNTO DE ACCESO ADICIONAL DE SERIE-TÍTULO UNIFORME
Título uniforme Pliegos de ensayo ;
Designación de volumen o secuencia 97
9 (RLIN) 25000
910 ## - DATOS DE OPCIÓN DEL USUARIO (OCLC)
Datos de opción del usuario Catalogación derivada / LC
Holdings
Estado de retiro Estado de pérdida Restricciones de uso No para préstamo Código de colección Localización permanente Ubicación/localización actual Ubicación en estantería Fecha de adquisición Número de inventario Total de préstamos Signatura topográfica completa Código de barras Fecha visto por última vez Precio válido a partir de Tipo de ítem Koha
      Excluido de préstamo Monografías: Libros y Folletos General General En catalogación 06.07.2010 LF1   NNN 868/.6209 V483L 19798-10 25.06.2020 25.06.2020 No se presta

Powered by Koha